000 00210nam a22000857a 4500
008 160713b xxu||||| |||| 00| 0 eng d
100 _92715
_aParker S
245 _a100 Facts Sharks
260 _aChina
_bMikeskelly
_c2009
999 _c2357
_d2357